| Tag |
First Indicator |
Second Indicator |
Subfields |
| LEADER |
00000cas a2200000Ia 4500 |
| 001 |
in00001699621 |
| 005 |
20151024161128.0 |
| 006 |
m d |
| 007 |
cr mnu |
| 008 |
990618c199u9999ne qr p s 0 0eng d |
| 022 |
|
|
|y 0927-7056
|
| 035 |
|
|
|a (OCoLC)ocm41568778
|
| 037 |
|
|
|b Kluwer Academic Publishers, Spuiboulevard 50, P.O. Box 17, 3300 AA Dordrecht, The Netherlands
|
| 040 |
|
|
|a F#A
|c F#A
|d OCLCQ
|d MUQ
|d UtOrBLW
|
| 049 |
|
|
|a TXAM
|
| 090 |
|
|
|a QD506.A1
|b I68 Electronic
|
| 092 |
|
|
|a 530.417
|
| 130 |
0 |
|
|a Interface science (Online)
|
| 245 |
1 |
0 |
|a Interface science.
|
| 264 |
|
1 |
|a [Dordrecht] :
|b Kluwer Academic Publishers.
|
| 310 |
|
|
|a Quarterly
|
| 336 |
|
|
|a text
|b txt
|2 rdacontent
|
| 337 |
|
|
|a computer
|b c
|2 rdamedia
|
| 338 |
|
|
|a online resource
|b cr
|2 rdacarrier
|
| 362 |
1 |
|
|a Coverage as of June 7, 1999: Vol. 4, no. 1/2 (1996)-
|
| 500 |
|
|
|a Description based on: Volume 4, number 1/2 (1996); title from journal information screen (viewed June 7, 1999).
|
| 506 |
|
|
|a Subscription required for access to abstracts and full text.
|
| 516 |
|
|
|a Electronic journal articles are available in portable document format (PDF). Abstracts are in HTML format.
|
| 530 |
|
|
|a Electronic version of: Interface science.
|
| 538 |
|
|
|a System requirements: World Wide Web browser, Internet connectivity, and Adobe Acrobat reader.
|
| 538 |
|
|
|a Mode of access: World Wide Web.
|
| 556 |
8 |
|
|a User's guide available online via World Wide Web. Service guide also available via World Wide Web.
|
| 500 |
|
|
|a Electronic resource.
|
| 650 |
|
0 |
|a Surface chemistry
|v Periodicals.
|
| 650 |
|
0 |
|a Interfaces (Physical sciences)
|v Periodicals.
|
| 650 |
|
6 |
|a Chimie des surfaces
|v Périodiques.
|
| 650 |
|
6 |
|a Interfaces (Sciences physiques)
|v Périodiques.
|
| 776 |
1 |
|
|t Interface science
|x 0927-7056
|w (DLC) 96650406
|w (OCoLC)30461857
|
| 949 |
|
|
|a MFHD URL added
|b h
|c 2002/12/19
|d c
|e rstovall5
|f 2:55:48 pm
|
| 994 |
|
|
|a 92
|b TXA
|
| 999 |
|
|
|a MARS
|
| 999 |
f |
f |
|s cf5406d1-da86-3302-8c7c-50e88eaed034
|i 56b83097-5646-3c83-a28a-48587c3a4411
|t 0
|
| 952 |
f |
f |
|a Texas A&M University
|b College Station
|c Electronic Resources
|d Available Online
|t 0
|e QD506.A1 I68
|g Electronic
|h Library of Congress classification
|
| 998 |
f |
f |
|a QD506.A1 I68
|t 0
|l Available Online
|